000 00797nam a2200145Ia 4500
008 231221s9999 xx 000 0 und d
041 _aEnglish
082 _aCPEC15-1092
100 _aKarpagavalli Subramanian. Suresh G, Krishnappa. George, K.
245 0 _aPerformance Comparison Of Learning Algorithms For System Identification And Control
260 _c2015
500 _aPerformance Comparison Of Learning Algorithms For System Identification And Control Karpagavalli Subramanian, Suresh G. Krishnappa and K. George Dept. of Telecommunication Engineering, PES Institute of Technology (now PES University), Bangalore. Proceedings of the 12th IEEE India International Conference (INDICON 2015), New Delhi, India
650 _aPerformance,Comparison,Identification,Control
942 _cIR
999 _c233617
_d233617